USA Battle Royale: Day 2 - Statistics

General Stats
  • This quiz has been taken 241 times
  • The average score is 6 of 10
Answer Stats
Question Answer % Correct
Washington Yes, I want to save this state from elimination.
76%
California Yes, I want to save this state from elimination.
67%
Texas Yes, I want to save this state from elimination.
64%
Utah Yes, I want to save this state from elimination.
62%
Colorado Yes, I want to save this state from elimination.
62%
Oregon Yes, I want to save this state from elimination.
60%
Oklahoma Yes, I want to save this state from elimination.
57%
Arizona Yes, I want to save this state from elimination.
55%
Nevada Yes, I want to save this state from elimination.
52%
New Mexico Yes, I want to save this state from elimination.
48%
No matching quizzes found
Score Distribution
Percent of People with Each Score
Percentile by Number Answered
Your Score History
You have not taken this quiz